| 000 | 00772nam a22002535i 4500 | ||
|---|---|---|---|
| 001 | 11136 | ||
| 003 | ES-MaACL | ||
| 005 | 20230906150033.0 | ||
| 007 | t| | ||
| 008 | 950919s1995 sp ||||0| spa j | ||
| 020 | _a84-7880-493-5 | ||
| 040 |
_aM-BN _bspa _cM-BN |
||
| 080 | _a783.51 | ||
| 100 | 1 |
_aLe Mée, Katharine. _970900 |
|
| 245 | 1 | 3 |
_aEl canto gregoriano _b: su historia y sus misterios / _cKatharine Le Mée ; [traducción, Rosa Cifuentes y Ana Ripollés]. |
| 260 |
_aMadrid : _bTemas de Hoy, _c1995. |
||
| 300 |
_a205 p ; _c15 cm. |
||
| 500 | _aTraducción de: Chant. | ||
| 650 | 4 |
_aCanto gregoriano. _910754 |
|
| 700 | 1 |
_aCifuentes, Rosa. _938808 |
|
| 700 | 1 |
_aRipollés, Ana. _997439 |
|
| 852 |
_aES-MaACL _jL-18536 _bR.124758 |
||
| 999 |
_c11136 _d11136 |
||